<?xml version="1.0" encoding="UTF-8"?><marc:collection xmlns:marc="http://www.loc.gov/MARC21/slim">
  <marc:record>
    <marc:leader>00000nam  2200000zi 4500</marc:leader>
    <marc:controlfield tag="001">9.889778</marc:controlfield>
    <marc:controlfield tag="003">CaOODSP</marc:controlfield>
    <marc:controlfield tag="005">20250709100925</marc:controlfield>
    <marc:controlfield tag="006">m     o  d f      </marc:controlfield>
    <marc:controlfield tag="007">cr |||||||||||</marc:controlfield>
    <marc:controlfield tag="008">200724t20202020mbcb    ob   f000 0 eng d</marc:controlfield>
    <marc:datafield tag="020" ind1=" " ind2=" ">
      <marc:subfield code="a">9780660356419</marc:subfield>
    </marc:datafield>
    <marc:datafield tag="040" ind1=" " ind2=" ">
      <marc:subfield code="a">CaOODSP</marc:subfield>
      <marc:subfield code="b">eng</marc:subfield>
      <marc:subfield code="e">rda</marc:subfield>
      <marc:subfield code="c">CaOODSP</marc:subfield>
    </marc:datafield>
    <marc:datafield tag="041" ind1=" " ind2=" ">
      <marc:subfield code="a">eng</marc:subfield>
      <marc:subfield code="b">fre</marc:subfield>
    </marc:datafield>
    <marc:datafield tag="043" ind1=" " ind2=" ">
      <marc:subfield code="a">n-cn-nt</marc:subfield>
    </marc:datafield>
    <marc:datafield tag="086" ind1="1" ind2=" ">
      <marc:subfield code="a">Fs97-6/3394E-PDF</marc:subfield>
    </marc:datafield>
    <marc:datafield tag="100" ind1="1" ind2=" ">
      <marc:subfield code="a">McNicholl, Darcy G., </marc:subfield>
      <marc:subfield code="e">author.</marc:subfield>
    </marc:datafield>
    <marc:datafield tag="245" ind1="1" ind2="0">
      <marc:subfield code="a">Distribution of marine and anadromous fishes of Darnley Bay and the Anguniaqvia Niqiqiyuam Marine Protected Area, NT / </marc:subfield>
      <marc:subfield code="c">Darcy G. McNicholl, Karen M. Dunmall, Andrew R. Majewski, Andrea Niemi, Colin P. Gallagher, Chantelle Sawatzky and James D. Reist.</marc:subfield>
    </marc:datafield>
    <marc:datafield tag="264" ind1=" " ind2="1">
      <marc:subfield code="a">Winnipeg, MB : </marc:subfield>
      <marc:subfield code="b">Fisheries and Oceans Canada, Freshwater Institute, Ontario and Prairie Region, </marc:subfield>
      <marc:subfield code="c">2020.</marc:subfield>
    </marc:datafield>
    <marc:datafield tag="264" ind1=" " ind2="4">
      <marc:subfield code="c">©2020</marc:subfield>
    </marc:datafield>
    <marc:datafield tag="300" ind1=" " ind2=" ">
      <marc:subfield code="a">1 online resource (x, 90 pages) : </marc:subfield>
      <marc:subfield code="b">maps.</marc:subfield>
    </marc:datafield>
    <marc:datafield tag="336" ind1=" " ind2=" ">
      <marc:subfield code="a">text</marc:subfield>
      <marc:subfield code="b">txt</marc:subfield>
      <marc:subfield code="2">rdacontent</marc:subfield>
    </marc:datafield>
    <marc:datafield tag="337" ind1=" " ind2=" ">
      <marc:subfield code="a">computer</marc:subfield>
      <marc:subfield code="b">c</marc:subfield>
      <marc:subfield code="2">rdamedia</marc:subfield>
    </marc:datafield>
    <marc:datafield tag="338" ind1=" " ind2=" ">
      <marc:subfield code="a">online resource</marc:subfield>
      <marc:subfield code="b">cr</marc:subfield>
      <marc:subfield code="2">rdacarrier</marc:subfield>
    </marc:datafield>
    <marc:datafield tag="490" ind1="1" ind2=" ">
      <marc:subfield code="a">Canadian technical report of fisheries and aquatic sciences, </marc:subfield>
      <marc:subfield code="x">1488-5379 ; </marc:subfield>
      <marc:subfield code="v">3394</marc:subfield>
    </marc:datafield>
    <marc:datafield tag="500" ind1=" " ind2=" ">
      <marc:subfield code="a">Revised by the publisher, June 9, 2025.</marc:subfield>
    </marc:datafield>
    <marc:datafield tag="504" ind1=" " ind2=" ">
      <marc:subfield code="a">Includes bibliographical references (pages 28-30).</marc:subfield>
    </marc:datafield>
    <marc:datafield tag="520" ind1="3" ind2=" ">
      <marc:subfield code="a">"Since the designation of the Anguniaqvia niqiqiyuam marine protected area in 2016, the distributions and occurrence list of anadromous and marine fish species have been compiled with most recent occurrences. In Darnley Bay, and habitats associated with the marine protected area, there have been 62 species identified comprising 23 genera in 18 families. These fishes have been grouped according to occurrences in generalized ecozones, which include areas within the marine protected area but also surrounding areas utilized by migratory species. In the coastal marine area there were 24 species found, relative to exclusively freshwater (12 species) or offshore shelf-basin fishes (26 species), found within the boundaries of 122 – 128°W and 69’00 – 70’30°N. The list includes commonly observed subsistence species (Salmonidae), rarer occurrences (i.e., Pholidae), those of possible relevance as species at risk (i.e., Anarhichadidae), and those found outside their normal range (Oncorhynchus spp.). Information presented provides summaries of habitat use, distribution and taxonomy relevant to monitoring and management in this region"--Abstract, page x.</marc:subfield>
    </marc:datafield>
    <marc:datafield tag="546" ind1=" " ind2=" ">
      <marc:subfield code="a">Includes abstract in French.</marc:subfield>
    </marc:datafield>
    <marc:datafield tag="650" ind1=" " ind2="0">
      <marc:subfield code="a">Marine fishes</marc:subfield>
      <marc:subfield code="z">Northwest Territories</marc:subfield>
      <marc:subfield code="z">Beaufort Sea Coast</marc:subfield>
      <marc:subfield code="x">Geographical distribution.</marc:subfield>
    </marc:datafield>
    <marc:datafield tag="650" ind1=" " ind2="0">
      <marc:subfield code="a">Anadromous fishes</marc:subfield>
      <marc:subfield code="z">Northwest Territories</marc:subfield>
      <marc:subfield code="z">Beaufort Sea Coast</marc:subfield>
      <marc:subfield code="x">Geographical distribution.</marc:subfield>
    </marc:datafield>
    <marc:datafield tag="650" ind1=" " ind2="0">
      <marc:subfield code="a">Marine parks and reserves</marc:subfield>
      <marc:subfield code="z">Northwest Territories</marc:subfield>
      <marc:subfield code="z">Beaufort Sea Coast.</marc:subfield>
    </marc:datafield>
    <marc:datafield tag="650" ind1=" " ind2="6">
      <marc:subfield code="a">Poissons de mer</marc:subfield>
      <marc:subfield code="z">Territoires du Nord-Ouest</marc:subfield>
      <marc:subfield code="z">Beaufort, Côte de la mer de</marc:subfield>
      <marc:subfield code="x">Distribution géographique.</marc:subfield>
    </marc:datafield>
    <marc:datafield tag="650" ind1=" " ind2="6">
      <marc:subfield code="a">Poissons anadromes</marc:subfield>
      <marc:subfield code="z">Territoires du Nord-Ouest</marc:subfield>
      <marc:subfield code="z">Beaufort, Côte de la mer de</marc:subfield>
      <marc:subfield code="x">Distribution géographique.</marc:subfield>
    </marc:datafield>
    <marc:datafield tag="650" ind1=" " ind2="6">
      <marc:subfield code="a">Parcs marins</marc:subfield>
      <marc:subfield code="z">Territoires du Nord-Ouest</marc:subfield>
      <marc:subfield code="z">Beaufort, Côte de la mer de.</marc:subfield>
    </marc:datafield>
    <marc:datafield tag="710" ind1="1" ind2=" ">
      <marc:subfield code="a">Canada. </marc:subfield>
      <marc:subfield code="b">Department of Fisheries and Oceans, </marc:subfield>
      <marc:subfield code="e">issuing body.</marc:subfield>
    </marc:datafield>
    <marc:datafield tag="710" ind1="2" ind2=" ">
      <marc:subfield code="a">Freshwater Institute (Canada), </marc:subfield>
      <marc:subfield code="e">issuing body.</marc:subfield>
    </marc:datafield>
    <marc:datafield tag="830" ind1="#" ind2="0">
      <marc:subfield code="a">Canadian technical report of fisheries and aquatic sciences,</marc:subfield>
      <marc:subfield code="x">1488-5379 ; </marc:subfield>
      <marc:subfield code="v">3394.</marc:subfield>
      <marc:subfield code="w">(CaOODSP)9.504449</marc:subfield>
    </marc:datafield>
    <marc:datafield tag="856" ind1="4" ind2="0">
      <marc:subfield code="q">PDF</marc:subfield>
      <marc:subfield code="s">8.90 MB</marc:subfield>
      <marc:subfield code="u">https://publications.gc.ca/collections/collection_2020/mpo-dfo/Fs97-6-3394-eng.pdf</marc:subfield>
    </marc:datafield>
  </marc:record>
</marc:collection>
